İza' (Record no. 3486)

MARC details
000 -BAŞLIK
Sabit Uzunlukta Kontrol Alanı 00601na a2200241 4500
001 - KONTROL NUMARASI
Denetim Alanı 14156
003 - KONTROL NUMARASI IDENTIFIER
Denetim Alanı MIRAKIL
005 - SON İŞLEM TARİHİ VE ZAMANI
Denetim Alanı 20181213154933.0
008 - SABİT-BOY VERİ ELEMANLARI - GENEL BİLGİLER
Sabit Uzunlukta Kontrol Alanı 161025b tu 000 0
020 ## - ULUSLARARASI STANDART KİTAP NUMARASI
Uluslararası Standart Kitap Numarası 9786055391362
035 ## - SİSTEM KONTROL NUMARASI
Sistem Kontrol Numarası 14156
040 ## - KATALOGLAMA KAYNAK
Orijinal Kataloglama Ajansı Milas
Kataloglama Dili tur
Metne Dönüştürmek Ajansı TR-AnCHP
041 ## - DİL KODU
Metin / Ses Parça Veya Ayrı Başlığın Dil Kodu tur
082 ## - DEWEY ONLU SINIFLANDIRMA NUMARASI
Sınıflandırma Numarası 335.411
Ürün Numarası A26i 2012
090 ## - SINIFLAMA NUMARASI
Sınıflama Numarası 335.411 A26i 2012
100 ## - ANA GİRİŞ - KİŞİSEL İSİM
Kişisel Ad Karaman, Yılmaz
245 ## - BAŞLIK TABLOSU
Başlık İza'
Sorumluluk Tablosu, Vb Yılmaz Karaman
246 ## - UNVAN FORM VARYING
Başlık Doğru / Kısa Başlığı İza
260 ## - YAYIN, DAĞITIM, VB
Yayın, Dağıtım, Vb Yeri İstanbul
Yayıncı, Dağıtıcı, Vs Adı Parşömen Yayıncılık
Yayın, Dağıtım, Vb Tarihi 2012
300 ## - FİZİKSEL TANIM
Kapsam 105 s.
Diğer Fiziksel Ayrıntıları res.
Boyutlar 20 sm.
650 ## - KONU KATMA GİRİŞ - TOPİKAL DÖNEM
Topikal Süreli Veya Coğrafi Ad Giriş Elemanı Materyalizm
Genel Alt Bölümü Felsefe
942 ## - EKLENDİ GİRİŞ ELEMANLARI (KOHA)
Sınıflandırma Veya Raf Düzeni Kaynak
Koha Öğesi Türü Books
999 ## - SİSTEM KONTROL NUMARALARI (KOHA)
Koha Biblionumber 3486
Koha Biblioitemnumber 3486
Holdings
Kalıcı Konum Mevcut Konum Edinme Tarihi Edinim Kaynak Toplam Check-Out'Lar Tam Çağrı Numarası Barkod Tarih Son Görülme İtibaren Geçerli Fiyatlar Koha Öğesi Türü
CHP Kütüphanesi CHP Kütüphanesi 08/24/2016 Bağış   335.411 A26i 2012 002035 08/24/2016 08/24/2016 Books